| 000 | 00973nac a2200325 i 4500 | ||
|---|---|---|---|
| 003 | EG-GICUC | ||
| 005 | 20260121101633.0 | ||
| 008 | 941101s1995 enk frb 001 0 eng d | ||
| 020 | _a0421526300 | ||
| 020 | _a9780421526303 | ||
| 040 |
_aDLC _cDLC _beng _dEG-GiCUC _erda |
||
| 043 | _ae-uk--- | ||
| 050 | 0 | 0 |
_aKD7869.A2 _bF76 1995 |
| 082 | 0 | 0 |
_a343.113 _221 |
| 092 | 0 | 4 | _221 |
| 099 | _aLaw 10 1995 | ||
| 245 | 0 | 0 |
_aFrontiers of criminality / _cedited by Ian Loveland. |
| 264 |
_aLondon : _bSweet & Maxwell, _c1995. |
||
| 300 |
_axxix, 257 pages ; _c22 cm. |
||
| 336 |
_atext _btxt _2rdacontent |
||
| 337 |
_aunmediated _bn _2rdamedia |
||
| 338 |
_avolume _bnc _2rdacarrier |
||
| 440 | 0 | _aModern legal studies | |
| 504 | _aIncludes bibliographical references and index. | ||
| 650 | 0 |
_aCriminal law _zGreat Britain. |
|
| 700 | 1 | _aLoveland, Ian. | |
| 856 | 4 | 0 | _uhttps://fll.law.cu.edu.eg/fulltext/bks/ENGB10-00134.pdf |
| 905 | _a10 | ||
| 942 |
_2ddc _cBK _e21 _n0 |
||
| 999 |
_c53704 _d53704 |
||